A history of Persia / (Record no. 65574)
[ view plain ]
| 000 -LEADER | |
|---|---|
| fixed length control field | 00685nam a2200241 a 4500 |
| 001 - CONTROL NUMBER | |
| control field | 65574 |
| 003 - CONTROL NUMBER IDENTIFIER | |
| rucl marc code | BD-RjUL |
| 005 - DATE AND TIME OF LATEST TRANSACTION | |
| control field | 20211209081436.0 |
| 008 - FIXED-LENGTH DATA ELEMENTS--GENERAL INFORMATION | |
| fixed length control field | 170308r19511930enka 0 eng d |
| 035 ## - SYSTEM CONTROL NUMBER | |
| System control number | (BD-RjUL)65704 |
| 040 ## - CATALOGING SOURCE | |
| Original cataloging agency | TU |
| Language of cataloging | eng |
| Transcribing agency | TU |
| Modifying agency | (BD-RjUL) |
| 041 ## - LANGUAGE CODE | |
| Language code of text/sound track or separate title | eng |
| 082 ## - DEWEY DECIMAL CLASSIFICATION NUMBER | |
| Edition number | 23 |
| Classification number | 955 |
| Author mark and year | SYH 1951 |
| 100 1# - MAIN ENTRY--PERSONAL NAME | |
| Personal name | Sykes, Percy, |
| Dates associated with a name | 1867-1945. |
| 9 (RLIN) | 194028 |
| 245 12 - TITLE STATEMENT | |
| Title | A history of Persia / |
| Statement of responsibility, etc. | by Sir Percy Sykes. |
| 250 ## - EDITION STATEMENT | |
| Edition statement | 3rd ed. (with supplementary essays) |
| 260 ## - PUBLICATION, DISTRIBUTION, ETC. (IMPRINT) | |
| Place of publication, distribution, etc. | London : |
| Name of publisher, distributor, etc. | Macmillan, |
| Date of publication, distribution, etc. | 1930 [Reprinted1951] |
| 300 ## - PHYSICAL DESCRIPTION | |
| Pagination | v : |
| Illustrations | ill. ; |
| Size | 23cm. |
| 500 ## - GENERAL NOTE | |
| General note | "In Two Volumes" |
| 505 0# - FORMATTED CONTENTS NOTE | |
| Formatted contents note | Vol. 1-- |
| 651 ## - SUBJECT ADDED ENTRY--GEOGRAPHIC NAME | |
| Geographic name | Iran |
| Form subdivision | History. |
| 9 (RLIN) | 219132 |
| 942 ## - ADDED ENTRY ELEMENTS (KOHA) | |
| Source of classification or shelving scheme | Dewey Decimal Classification |
| Koha item type | Rare Books |
| Lost status | Source of classification or shelving scheme | Damaged status | Not for loan | Collection code | Permanent Location | Current Location | Shelving location | Date acquired | Source of acquisition | Total Checkouts | Full call number | Date last seen | Copy number | Koha item type |
|---|---|---|---|---|---|---|---|---|---|---|---|---|---|---|
| Dewey Decimal Classification | Not For Loan | Rare Books | Central Library, University of Rajshahi | Central Library, University of Rajshahi | Rare Book Section | 04/03/1955 | U.B.D | 955 SYH 1951 | 08/03/2017 | C-1 | Rare Books |